Chemische Elemente nach Namensherkunft - Kartenquiz - Statistiken

Allgemein
  • Dieses Quiz wurde 324 mal gespielt
  • Das Durchschnittsergebnis liegt bei 11 aus 27
Antworten auf der Karte
Die Antworten werden auf der Karte rot bzw. grün angezeigt, abhängig davon wie oft sie richtig erraten wurden.
 
Antwortstatistiken
Symbole Elemente Orte % Korrekt
₉₈Cf Californium Bundesstaat Kalifornien
85%
₄₉In Indium Farbe Indigo, von Land Indien
83%
₃₂Ge Germanium Land Deutschland (lat. Germania)
80%
₈₇Fr | ₃₁Ga Francium | Gallium Land Frankreich (frz. France | lat. Gallien)
78%
₁₁₀Ds Darmstadtium Stadt Darmstadt
76%
₈₄Po Polonium Land Polen
64%
₁₁₅Mc Moscovium Stadt Moskau
58%
₆₃Eu Europium Kontinent Europa
52%
₁₁₇Ts Tenness(ine) Bundesstaat Tennessee
52%
₉₅Am Americium Kontinente Amerika
49%
₄₇Ag Silber Land Argentinien (Silber → lat. Argentum)
44%
₂₁Sc Scandium Region Skandinavien (lat. Scandia)
35%
₁₀₈Hs Hassium Bundesland Hessen (lat. Hassia)
33%
₉₇Bk Berkelium Stadt Berkeley
30%
₁₁₃Nh Nihonium Land Japan (jpn. Nihon)
29%
₇₁Lu Lutetium Stadt Paris (röm. Lutetia)
28%
₇₅Re Rhenium Fluss Rhein (lat. Rhenus)
28%
₇₀Yb | ₃₉Y | ₆₅Tb | ₆₈Er Ytterbium | Yttrium | Terbium | Erbium Grube Ytterby
24%
₁₀₅Db Dubnium Stadt Dubna
22%
₆₇Ho Holmium Stadt Stockholm
22%
₄₄Ru Ruthenium Land Russland (lat. Ruthenia)
19%
₁₁₆Lv Livermorium Stadt Livermore
18%
₂₉Cu Kupfer Land Zypern (lat. Cuprum aus grch. Kýprion)
16%
₇₂Hf Hafnium Stadt Kopenhagen (lat. Hafnia)
14%
₆₉Tm Thulium Mythische Skandinavische Insel Thule
9%
₃₈Sr Strontium Mineral Strontianit, nach Stadt Strontian
7%
₁₂Mg Magnesium Region Magnisia (GR), Stadt Magnesia am Mäander (TR)
6%
Keine übereinstimmenden Quizze gefunden
Verteilung der Resultate
Anzahl Personen mit jedem Resultat
Perzentil nach korrekt beantworteten Fragen
Ihre Resultats-Entwicklung
Sie haben dieses Quiz noch nicht gespielt